000
00319nam a22001457a 4500
008
221111b ||||| |||| 00| 0 eng d
020
_a
9780412036514
041
_a
eng
080
_a
575
082
_a
575 HUD
100
_a
13
101
_a
CHEMI
245
_a
THE HISTORY OF CHEMISTRY
_c
HUDSON J
942
_2
udc
_c
BK
999
_c
58861
_d
58861